000 00659nam a22001937a 4500
999 _c193738
_d193738
005 20221114123248.0
010 _aUR-11762
020 _a9789393785954
_c126.0
035 _aU-10317
037 _bDBAD/PUB
_a-
082 _a844.08
100 _aابو بکر رضوی
245 _aانتخاب :
_b(تنقیدی مضامین) /
_cابو بکر رضوی
_hا ر د و
246 _aIntekhab (Tanqeedi Mazameen) /
_bby Abu Bakar Rizvi
260 _aNew Delhi
_bEducational Publishing House
_c2021 ء
270 _aH.O. D1/16, Ansari Road, Daryaganj
_bNew Delhi
_e110002
300 _a197 ص
_c23cm(Hb)
942 _2ddc
_cUR
_h844.08
_mا ب و